| 000 | 00652nam a22002057a 4500 | ||
|---|---|---|---|
| 003 | OSt | ||
| 005 | 20140310181802.0 | ||
| 008 | 130703t xxu||||| |||| 00| 0 eng d | ||
| 020 | _a0844205524 | ||
| 050 |
_aPC 2640 _b.W763 1997 |
||
| 082 |
_2REF 443 _bW72 1997 |
||
| 245 |
_aEasy French bilingual dictionary / _cJacqueline Winders. |
||
| 260 |
_aIllinois : _bNTC Publishing Group, _cc1997. |
||
| 300 |
_a496 p. ; _c18 cm. |
||
| 520 | _a1. French Language--Dictionaries--English. 2. English language--Dictionaries--French--Etheredge, Lorrie. | ||
| 521 | _aBasic Ed. Students | ||
| 541 |
_g5237 _j1 |
||
| 562 | _e1 | ||
| 942 |
_2lcc _cBK-GR _kREF |
||
| 999 |
_c3657 _d3657 |
||